| 000 | 02184nam a2200481 c 4500 | ||
|---|---|---|---|
| 003 | BLK | ||
| 005 | 20230411140038.0 | ||
| 008 | 180409b bul|||||r ||||||| ||bul|| | ||
| 010 | _aKNG00146135000 | ||
| 020 |
_a978-954-26-1007-6 _bиздат.: Хермес |
||
| 040 | _aBLK | ||
| 041 |
_aBUL _cBUL |
||
| 072 | 7 |
_2bullib _aН61 _xМедицина Н |
|
| 072 | 7 |
_2bullib _aЛ03 _xСебепознание. Мисловни техники. Психология. Парапсихология |
|
| 080 |
_aТренировка на психиката. Сугестия. Медитация(психотерапевт. аспекти). Самовнушение. Автогенна тренировка, автогенна сугестия _b615.851.1 _x _z615.851.1 |
||
| 080 |
_aПатология. Клинична медицина _b616 _x:159.923(02.062) _z616:159.923(02.062) |
||
| 100 | 1 |
_aСигъл, Ина _eпърви автор _9326941 |
|
| 700 | 1 |
_aМанушева, Ирина Борисова _9368041 |
|
| 139 |
_aСигъл, Ина _bС 35 |
||
| 245 | 1 | 0 |
_aПосланията на тялото _bВашият наръчник за здраве и благоденствие _cИна Сигъл; прев. от англ. Ирина Борисова Манушева. |
| 257 | _aUSA | ||
| 260 |
_аСофия _bХермес _c2011 _fХасково : Полиграфюг |
||
| 300 |
_a368 с. _c20 см |
||
| 380 | _a61 | ||
| 500 | _aОриг. загл. The Secret Language of Your Body / Inna Segal. - Азб. показалец. | ||
| 650 | 4 |
_aМедицина, алтернативна _9266884 |
|
| 650 | 4 |
_aСамовнушение _9170150 |
|
| 650 | 4 |
_aКлинична медицина _9158752 |
|
| 653 | _aалтернативна медицина | ||
| 653 | _aсамовнушение | ||
| 653 | _aклинична медицина | ||
| 653 | _aемоции | ||
| 653 | _aчувства | ||
| 653 | _aболести | ||
| 653 | _aсебепознание | ||
| 659 | _aЛ | ||
| 659 | _aН | ||
| 852 | _aЦб 261618 | ||
| 856 | 4 |
_qpdf _u |
|
| 856 | 4 |
_qpdf _u |
|
| 942 |
_cKNG _n0 |
||
| 944 |
_aCR _c17.07.2013 _kИрена_Линкова |
||
| 944 |
_aED _c02.01.2014 _k |
||
| 999 |
_c140078 _d140078 |
||